[Event "Arandjelovac op 1st"]
[Site "Arandjelovac"]
[Date "2023.03.19"]
[Round "6"]
[White "Culum, Sanjin"]
[Black "Jocev, Milan"]
[Result "0-1"]
[WhiteElo "2296"]
[BlackElo "2315"]
[PlyCount "60"]
[EventDate "2023.03.15"]
[EventType "swiss"]
[EventRounds "9"]
[EventCountry "SRB"]
[SourceTitle "CBM 213 Extra"]
[Source "ChessBase"]
[SourceDate "2023.05.31"]
[SourceVersion "1"]
[SourceVersionDate "2023.05.31"]
[SourceQuality "1"]

1. d4 Nf6 2. Nf3 d5 3. c4 c6 4. cxd5 cxd5 5. Nc3 Nc6 6. Bf4 Bf5 7. Rc1 Rc8 8. Ne5 e6 9. e3 Nxe5 10. Bxe5 Nd7 11. Bg3 Qa5 12. Qb3 Bb4 13. a3 Bxc3+ 14. bxc3 0-0 15. Bd6 Rfd8 16. Be7 Re8 17. Bb4 Qc7 18. Be2 a5 19. Kd2 axb4 20. cxb4 Qd6 21. Bb5 e5 22. Qb2 Qg6 23. g3 exd4 24. Qxd4 Ne5 25. Qf4 Nc4+ 26. Rxc4 dxc4 27. Bxe8 c3+ 28. Kc1 Rxe8 29. Re1 Qe6 30. Kd1 Bd3 0-1

[Event "Arandjelovac op 1st"]
[Site "Arandjelovac"]
[Date "2023.03.15"]
[Round "1"]
[White "Vignesh, NR."]
[Black "Culum, Sanjin"]
[Result "1-0"]
[WhiteElo "2513"]
[BlackElo "2296"]
[PlyCount "91"]
[EventDate "2023.03.15"]
[EventType "swiss"]
[EventRounds "9"]
[EventCountry "SRB"]
[SourceTitle "CBM 213 Extra"]
[Source "ChessBase"]
[SourceDate "2023.05.31"]
[SourceVersion "1"]
[SourceVersionDate "2023.05.31"]
[SourceQuality "1"]

1. e4 c5 2. Nf3 d6 3. d4 cxd4 4. Qxd4 Nc6 5. Bb5 Bd7 6. Bxc6 Bxc6 7. Nc3 e5 8. Qd3 h6 9. 0-0 Nf6 10. a4 Be7 11. Re1 0-0 12. Nd2 Rc8 13. Nc4 Qc7 14. b3 Rfd8 15. Qg3 Kh8 16. Ba3 a6 17. Bb4 b6 18. a5 b5 19. Nb6 Rb8 20. Rad1 Nh5 21. Qf3 Nf4 22. g3 Nh3+ 23. Kg2 Ng5 24. Qh5 Bf8 25. h4 Ne6 26. Ncd5 Bxd5 27. Nxd5 Qxc2 28. Qxf7 Re8 29. Rc1 Qxb3 30. Rc6 Nd4 31. Rc3 Qa2 32. Rc7 Ne6 33. Ra1 Qxa1 34. Nf6 Be7 35. Nxe8 Qd4 36. Rxe7 Qxb4 37. Rxe6 Qxe4+ 38. Kh2 Qh7 39. Re7 Qg8 40. Qg6 Qf8 41. Rf7 Rxe8 42. Rxf8+ Rxf8 43. Kg2 Rf6 44. Qe8+ Kh7 45. h5 b4 46. Qc6 1-0

[Event "Tata Steel Qualifier 85th"]
[Site "Wijk aan Zee"]
[Date "2023.01.24"]
[Round "5"]
[White "Lopez, Jasel"]
[Black "Culum, Sanjin"]
[Result "0-1"]
[WhiteElo "2434"]
[BlackElo "2242"]
[PlyCount "162"]
[EventDate "2023.01.20"]
[EventType "tourn"]
[EventRounds "9"]
[EventCountry "NED"]
[EventCategory "5"]
[SourceTitle "CBM 212 Extra"]
[Source "ChessBase"]
[SourceDate "2023.03.31"]
[SourceVersion "1"]
[SourceVersionDate "2023.03.31"]
[SourceQuality "1"]

1. d4 Nf6 2. c4 e6 3. Nc3 Bb4 4. e3 0-0 5. Bd2 d5 6. Nf3 b6 7. cxd5 exd5 8. Rc1 a6 9. Bd3 Re8 10. Ne5 Bd6 11. f4 Bb7 12. 0-0 c5 13. Qf3 Nc6 14. Qh3 g6 15. Be1 cxd4 16. Nxc6 Bxc6 17. exd4 Nh5 18. Bh4 Qb8 19. Bg5 f6 20. f5 Bxh2+ 21. Qxh2 Qxh2+ 22. Kxh2 fxg5 23. fxg6 h6 24. Rf7 Nf4 25. Nd1 Re6 26. Bf5 Rd6 27. Rc7 Be8 28. Ne3 Nxg6 29. Nxd5 Bf7 30. Ne3 Re8 31. Ng4 Ne7 32. Bb1 Nd5 33. R7c6 Ree6 34. Rc8+ Kg7 35. Ne5 Ne7 36. R8c7 Rxd4 37. Nf3 Rg4 38. Bd3 b5 39. Rd7 Be8 40. Rd8 Bg6 41. Nd4 Re3 42. Bxg6 Kxg6 43. Rd6+ Kh5 44. Rf1 Rd3 45. Nf5 Rxd6 46. Nxd6 Rd4 47. Ne8 Nd5 48. Nf6+ Kg6 49. Nxd5 Rxd5 50. Rc1 a5 51. Rc6+ Kh5 52. Ra6 a4 53. Rb6 g4 54. Rf6 Kg5 55. Rf2 h5 56. g3 Rf5 57. Re2 Kf6 58. Kg2 Re5 59. Rd2 Kf5 60. Kf2 Ke4 61. Re2+ Kd4 62. Rd2+ Kc4 63. Rc2+ Kb4 64. Rc3 Ka5 65. Rc6 Rf5+ 66. Kg2 Rd5 67. Rc2 b4 68. Kf2 Re5 69. Rc8 b3 70. axb3 axb3 71. Rb8 Ka4 72. Ra8+ Kb4 73. Rb8+ Kc4 74. Rc8+ Rc5 75. Rd8 Rf5+ 76. Kg2 Rf3 77. Rc8+ Kd3 78. Rc5 Re3 79. Kf1 Kd2 80. Rxh5 Kc2 81. Kf2 Re4 0-1

[Event "Titled Tuesday intern op 17th Jan Late"]
[Site "Chess.com INT"]
[Date "2023.01.17"]
[Round "2"]
[White "Culum, Sanjin"]
[Black "Gerbelli Neto, Eduardo"]
[Result "0-1"]
[WhiteElo "2242"]
[BlackElo "2114"]
[PlyCount "116"]
[EventDate "2023.01.17"]
[EventType "swiss (blitz)"]
[EventRounds "11"]
[EventCountry "USA"]
[SourceTitle "CBM 212 Extra"]
[Source "ChessBase"]
[SourceDate "2023.03.31"]
[SourceVersion "1"]
[SourceVersionDate "2023.03.31"]
[SourceQuality "1"]

1. Nf3 Nf6 2. b3 d5 3. Bb2 e6 4. e3 c5 5. c4 Be7 6. cxd5 exd5 7. d4 0-0 8. Bd3 Nc6 9. 0-0 Bg4 10. Nbd2 cxd4 11. exd4 Bb4 12. h3 Bh5 13. g4 Bg6 14. Bxg6 fxg6 15. Ne5 Bxd2 16. Qxd2 Ne4 17. Qe3 Rc8 18. Rac1 Nxe5 19. dxe5 Rxc1 20. Rxc1 Rxf2 21. Rd1 Qf8 22. e6 Rxb2 23. Rxd5 Rb1+ 24. Kh2 Rf1 25. Rd7 Qb8+ 26. Kg2 Rf2+ 27. Qxf2 Nxf2 28. e7 Qe8 29. Rd8 Kf7 30. Rxe8 Kxe8 31. Kxf2 Kxe7 32. Ke3 Kd6 33. Kd4 g5 34. b4 b5 35. a3 g6 36. Ke4 h5 37. gxh5 gxh5 38. Kf5 g4 39. hxg4 hxg4 40. Kxg4 Kd5 41. Kf3 Kc4 42. Ke3 Kb3 43. Kd4 Kxa3 44. Kc3 a6 45. Kc2 Kxb4 46. Kb2 a5 47. Ka2 a4 48. Kb2 a3+ 49. Ka2 Ka4 50. Kb1 b4 51. Ka1 b3 52. Kb1 Kb4 53. Ka1 Kc3 54. Kb1 b2 55. Ka2 Kc2 56. Kxa3 b1Q 57. Ka4 Qb6 58. Ka3 Qa5# 0-1

[Event "Sarajevo Bosna op 51st"]
[Site "Sarajevo"]
[Date "2022.12.03"]
[Round "3"]
[White "Drazic, Sinisa"]
[Black "Culum, Sanjin"]
[Result "1-0"]
[WhiteElo "2372"]
[BlackElo "2252"]
[PlyCount "149"]
[EventDate "2022.12.02"]
[EventType "swiss"]
[EventRounds "7"]
[EventCountry "BIH"]
[SourceTitle "CBM 211 Extra"]
[Source "ChessBase"]
[SourceDate "2023.01.31"]
[SourceVersion "1"]
[SourceVersionDate "2023.01.31"]
[SourceQuality "1"]

1. d4 Nf6 2. c4 e6 3. a3 c5 4. Nf3 cxd4 5. Nxd4 Nc6 6. Nc3 d5 7. cxd5 exd5 8. Bg5 Bc5 9. e3 Bxd4 10. exd4 0-0 11. Be2 h6 12. Be3 Bf5 13. 0-0 Rc8 14. Qa4 Na5 15. Rac1 Bd7 16. Qb4 Qb6 17. Qxb6 axb6 18. Bd3 Rfe8 19. Rfe1 Nb3 20. Rcd1 Na5 21. Bf4 Nc4 22. Rxe8+ Rxe8 23. Bxc4 dxc4 24. f3 Be6 25. d5 Bf5 26. Kf2 Nd7 27. g4 Bh7 28. Bc7 f5 29. h3 fxg4 30. hxg4 Bd3 31. Re1 Rxe1 32. Kxe1 Kf7 33. Kd2 g6 34. Ke3 h5 35. gxh5 gxh5 36. Kd4 h4 37. b3 h3 38. bxc4 Bf1 39. Ne4 Kg6 40. Bh2 Be2 41. Nd2 Kf5 42. Ke3 Bd1 43. Ne4 Bb3 44. Kd4 Bd1 45. Nf2 Bxf3 46. Nxh3 Nf6 47. Nf4 Bh1 48. Ne2 Bg2 49. Nc3 Bf1 50. Bc7 Ne8 51. Nb5 Kf6 52. Bd8+ Kf7 53. a4 Be2 54. Bxb6 Ke7 55. a5 Kd7 56. Nc3 Bf1 57. Ne4 Be2 58. Bc5 Bf1 59. Bf8 Kc7 60. Bh6 Be2 61. Bf4+ Kd7 62. Be5 Bf1 63. Nc5+ Kc8 64. Kc3 Be2 65. Kb4 Bf1 66. Kb5 Be2 67. d6 Nxd6+ 68. Bxd6 Bf3 69. Bf4 Bg2 70. Na4 Bc6+ 71. Kb4 Bg2 72. Kc5 Bf3 73. Nb6+ Kd8 74. Kd6 Bg2 75. Bg5+ 1-0